Friends Characters - Statistics

General Stats
  • This quiz has been taken 29 times
  • The average score is 22 of 99
Answer Stats
Answer % Correct
ChandlerMuriel Bing
100%
Monica Geller
100%
Rachel Karen Green
100%
Ross Geller
100%
Joseph Francis Joey Tribbiani
94%
Phoebe Buffay Hannigan
94%
Gunther
76%
Jack Geller
76%
Judy Geller
76%
Janice
65%
Mike Hannigan
59%
Ben Geller
53%
Ursula Buffay
53%
Amy Green
47%
Carol Willick
41%
David
41%
Emma Geller-Green
41%
Frank Buffay Jr.
41%
Kathy
41%
Susan Bunch
41%
Emily Waltham
35%
Eric
35%
Jill Green
35%
Julie
35%
Mona
35%
Richard Burke
35%
Sandra Green
35%
Barry Farber
29%
Erica
29%
Mr. Heckles
29%
Nora Tyler Bing
29%
Elizabeth Stevens
24%
Joanna
24%
Marcel
24%
Bonnie
18%
Charlie Wheeler
18%
Gary
18%
Joshua Burgin
18%
Mr. Treeger
18%
Mr. Zelner
18%
Paul Stevens
18%
Sophie
18%
Tag Jones
18%
The Chick
18%
The Duck
18%
Doug
12%
Dr. Leonard Green
12%
Estelle Leonard
12%
Fun Bobby
12%
Isaac
12%
Jasmine
12%
Kate Miller
12%
Mark Robinson
12%
Paolo
12%
Parker
12%
Pete Becker
12%
Steve
12%
Steve
12%
Terry
12%
Ugly Naked Guy
12%
Bitsy Hannigan
6%
Dina Tribbiani
6%
Dr. Long
6%
Gavin Mitchell
6%
Janine Lecroix
6%
Molly
6%
The Waiter
6%
Alice Knight Buffay
0%
Andrea Waltham
0%
Chandler, & Leslie)"
0%
Chloe
0%
Claudia
0%
Clifford Burnett
0%
Danny
0%
Dr. Ledbetter
0%
Dr. Mike Horton
0%
Dr. Roger
0%
Eddie Menuek
0%
"Helena Handbasket (formerly Charles Bing)"
0%
Jack & Erica Bing
0%
Jake
0%
Ken
0%
Kiki
0%
Kim Clozzi
0%
Lauren
0%
Marshall Townend
0%
Mindy Hunter
0%
Mr. Douglas
0%
Mr. Kaplan Jr.
0%
Mr. Waltham
0%
Phoebe Abbot Sr.
0%
Randall
0%
Richard Crosby
0%
Russell
0%
Stephen Waltham
0%
Stu
0%
The Croupier
0%
Theodore Hannigan
0%
"The Triplets (Frank Jr Jr,
0%
No matching quizzes found
Score Distribution
Percent of People with Each Score
Percentile by Number Answered
Your Score History
You have not taken this quiz